| 000 | 00597nam a2200205 a 4500 | ||
|---|---|---|---|
| 001 | 71098 | ||
| 003 | BD-RjUL | ||
| 005 | 20211209082058.0 | ||
| 008 | 170426s1952 nyua 001 0 eng d | ||
| 035 | _a(BD-RjUL)71313 | ||
| 040 |
_aDLC _cWSU _dCHS _dOCL _dSER _dUKM _d(BD-RjUL) _beng |
||
| 082 |
_a572.87 _223 _bLEC 1963 |
||
| 100 | 1 |
_aLewis, K.R. _9127866 |
|
| 245 | 1 | 0 |
_aChromosome Market / _c[by] K.R. Lewis and B. John |
| 260 |
_aBoston : _bLittle, Brown and co., _c1963 |
||
| 300 |
_aix, 489 p. : _bill. ; _c25 cm. |
||
| 500 | _aIncludes Index. | ||
| 650 | 0 |
_aChromosome _9127867 |
|
| 942 |
_2ddc _cBK |
||
| 999 |
_c71098 _d71098 |
||